<?xml version="1.0" encoding="UTF-8"?>
<record
    xmlns:xsi="http://www.w3.org/2001/XMLSchema-instance"
    xsi:schemaLocation="http://www.loc.gov/MARC21/slim http://www.loc.gov/standards/marcxml/schema/MARC21slim.xsd"
    xmlns="http://www.loc.gov/MARC21/slim">

  <leader>00913cam a22002411a 4500</leader>
  <controlfield tag="001">ne 68001377 </controlfield>
  <controlfield tag="003">DLC</controlfield>
  <controlfield tag="005">20260227111840.0</controlfield>
  <controlfield tag="008">870518s1899    tu       d    000 0 arar </controlfield>
  <datafield tag="010" ind1=" " ind2=" ">
    <subfield code="a">ne 68001377 </subfield>
  </datafield>
  <datafield tag="035" ind1=" " ind2=" ">
    <subfield code="a">(OCoLC)15703797</subfield>
  </datafield>
  <datafield tag="040" ind1=" " ind2=" ">
    <subfield code="a">DLC</subfield>
    <subfield code="c">InU</subfield>
    <subfield code="d">DLC</subfield>
  </datafield>
  <datafield tag="042" ind1=" " ind2=" ">
    <subfield code="a">premarc</subfield>
  </datafield>
  <datafield tag="050" ind1="0" ind2="0">
    <subfield code="a">PJ6620</subfield>
    <subfield code="b">.T29</subfield>
  </datafield>
  <datafield tag="100" ind1="1" ind2=" ">
    <subfield code="a">Tah&#x101;naw&#x12B;, Mu&#x1E25;ammad A&#x2BB;l&#xE1; ibn &#x2BB;Al&#x12B;,</subfield>
    <subfield code="d">active 1745.</subfield>
  </datafield>
  <datafield tag="245" ind1="1" ind2="0">
    <subfield code="a">Kashsh&#x101;f i&#x1E63;&#x1E6D;il&#x101;&#x1E25;&#x101;t al-fun&#x16B;n /</subfield>
    <subfield code="c">ta&#x2BC;l&#x12B;f Mu&#x1E25;ammad &#x2BB;Al&#x12B; ibn &#x2BB;Al&#x12B; al-Tah&#x101;naw&#x12B;.</subfield>
  </datafield>
  <datafield tag="260" ind1=" " ind2=" ">
    <subfield code="a">al-Ast&#x101;nah :</subfield>
    <subfield code="b">Ma&#x1E6D;ba&#x2BB;at Iqd&#x101;m bi-D&#x101;r al-Khil&#x101;fah,</subfield>
    <subfield code="c">1317 [1899 or 1900]</subfield>
  </datafield>
  <datafield tag="300" ind1=" " ind2=" ">
    <subfield code="a">955 p. ;</subfield>
    <subfield code="c">28 cm.</subfield>
  </datafield>
  <datafield tag="500" ind1=" " ind2=" ">
    <subfield code="a">Romanized record.</subfield>
  </datafield>
  <datafield tag="500" ind1=" " ind2=" ">
    <subfield code="a">Arranged alphabetically, alif--&#x1E63;&#x101;&#x1E0D;.</subfield>
  </datafield>
  <datafield tag="500" ind1=" " ind2=" ">
    <subfield code="a">No more published in this edition. Cf. Sarkis. Mu&#x2BB;jam al-ma&#x1E6D;b&#x16B;&#x2BB;&#x101;t al-&#x2BB;Arab&#x12B;yah wa-al-mu&#x2BB;arrabah (Cairo, 1928) col. 646.</subfield>
  </datafield>
  <datafield tag="650" ind1=" " ind2="0">
    <subfield code="a">Arabic language</subfield>
    <subfield code="v">Dictionaries.</subfield>
  </datafield>
  <datafield tag="999" ind1=" " ind2=" ">
    <subfield code="c">50283</subfield>
    <subfield code="d">50283</subfield>
  </datafield>
</record>
